000 00904nam a2200253 a 4500
001 000025620
005 20200930023925.0
008 110218s1980 mx a r 000 0 spa d
020 _a968240312x
040 _aDO-SdBNP
_bspa
_cBNPHU
041 1 7 _aspa
_heng
_2Código de idiomas MARC
082 _ann*
_bnn*
100 1 _aReese, Hayne W.
_952313
240 1 0 _aExperimental child psychology.
_lEspañol
245 1 0 _aPsicología experimental infantil /
_cHayne W. Reese y Lewis P. Lipsitt ; traducción de Federico Patán López.
260 _aMéxico, D. F. :
_bTrillas,
_c1980.
300 _a878 p. :
_bil. ;
_c24 cm.
534 _aTítulo de la obra en inglés :
_tExperimental child psychology
500 _aIncluye índice de autores y analítico.
504 _aReferencias : 782-854 p.
700 1 _aLipsitt, Lewis P.
_952314
700 1 _aPatán López, Federico,
_etr.
_950203
049 _aBNGR
999 _c25112
_d25112